<?xml version="1.0" encoding="UTF-8"?>
<marc:record xmlns:marc="http://www.loc.gov/MARC21/slim">
   <marc:leader>00000nam a2200000 a 4500</marc:leader>
   <marc:datafield ind1="1" ind2=" " tag="100">
      <marc:subfield code="a">Vetter, Chr.</marc:subfield>
   </marc:datafield>
   <marc:datafield ind1="1" ind2=" " tag="100">
      <marc:subfield code="a">Riegas, Volker</marc:subfield>
   </marc:datafield>
   <marc:datafield ind1=" " ind2=" " tag="653">
      <marc:subfield code="a">Kognition</marc:subfield>
   </marc:datafield>
   <marc:datafield ind1=" " ind2=" " tag="653">
      <marc:subfield code="a">Biologie</marc:subfield>
   </marc:datafield>
   <marc:datafield ind1="0" ind2="0" tag="245">
      <marc:subfield code="a">Zur Biologie der Kognition</marc:subfield>
   </marc:datafield>
   <marc:datafield ind1="0" ind2="0" tag="245">
      <marc:subfield code="b">ein Gespräch mit Humberto R. Maturana und Beiträge zur Diskussion seines Werkes</marc:subfield>
   </marc:datafield>
   <marc:datafield ind1=" " ind2="1" tag="264">
      <marc:subfield code="a">Frankfurt/M.</marc:subfield>
      <marc:subfield code="b">Suhrkamp</marc:subfield>
      <marc:subfield code="c">1990</marc:subfield>
   </marc:datafield>
   <marc:datafield ind1="1" ind2=" " tag="520">
      <marc:subfield code="a">PZ 1/91*17 Das einleitend wiedergegebene Gespräch ist die Zusammenfassung einer Reihe von Interviews, welche die Herausgeber 1986 während einer Gastprofessur des chilenischen Biologen an der Universität Bielefeld führen konnten. Darin geht Maturana in Ausweitung der 1970 erschienenen Abhandlung "Biology of Cognition" auf sein Konzept der "Autopoiesie) (Selbsterschaffung) lebender Systeme ein, die jeweils in sich geschlossen sind und nur durch "Pertubationen" (Störungen) veranlaßt werden, das Gleichgewicht mit dem sie umgebenden "Medium" wieder herzustellen. In zwölf Originalbeiträgen wird eine kritische Würdigung geboten, wobei das Spektrum der Beiträge von physikalischen Befunden und biomedizinischen Einwänden bis hin zu Problemstellungen des radikalen Konstruktivismus und der klinischen Psychologie reicht. Drei philosophiegeschichtliche Exkurse sowie ein literaturtheoretischer Aufsatz beschließen den Diskussionsteil.</marc:subfield>
   </marc:datafield>
   <marc:datafield ind1="0" ind2=" " tag="490">
      <marc:subfield code="v">0</marc:subfield>
   </marc:datafield>
   <marc:datafield ind1=" " ind2=" " tag="542">
      <marc:subfield code="d">Riegas, Volker</marc:subfield>
   </marc:datafield>
   <marc:datafield ind1=" " ind2=" " tag="300">
      <marc:subfield code="a">343 S.</marc:subfield>
   </marc:datafield>
</marc:record>
